000 00302nam a2200121Ia 4500
008 190216s9999||||xx |||||||||||||| ||und||
100 _aDewett &satish Wadhawan
245 0 _aEconomics Of Growth And Development
260 _bS Chand & Co
_c1977
300 _a719p
650 _aCommerce
942 _cBK
999 _c4215
_d4215